| 000 | 00900nam a2200193 a 4500 | ||
|---|---|---|---|
| 001 | 32452 | ||
| 005 | 20180714000046.0 | ||
| 008 | 140415s2008 sp 000 0 spa d | ||
| 020 | _a9788449321351 | ||
| 041 | _aspa | ||
| 082 |
_a658 _bBEN |
||
| 100 | 1 | _aBENNIS, WARREN | |
| 245 | 1 | 0 | _aLIDERES ESTRATEGIAS PARA UN LIDERAZGO EFICAZ |
| 250 | _a1a ed. | ||
| 260 |
_aESPAÑA : _bPAIDOS, _c2008 |
||
| 300 |
_a251 _c12 x 2 x 19 |
||
| 520 | _aWARREN, BENNIS ESTA CONSIDERADO COMO UNO DE LOS PIONEROS Y MAYORES EXPERTOS EN EL ESTUDIO ACADEMICO DEL LIDERAZGO. CATEDRATICO DE LA UNIVERSIDAD, PROFESOR DE ADMINISTRACION DE EMPRESAS Y PRESIDENTE FUNDADOR DEL LEARDESHIP INSTITUTE EN LA UNIVERSIDAD DE SOUTHERN CALIFORNIA, BENNIS HA SIDO CONSEJERO ASESOR DE CUATRO PRESIDENTES DE LOS ESTADOS UNIDOS Y CONSULTOR EN VARIAS EMPRESAS MULTINACIONALES. | ||
| 700 | 1 |
_aGALMARINI, MARCO AURELIO _etr. |
|
| 999 |
_c32452 _d32452 |
||